[Event "Sao Jose dos Campos op"]
[Site "Sao Jose dos Campos"]
[Date "2023.05.26"]
[Round "1"]
[White "Cunha, Jose Rodolfo Stutz"]
[Black "Pironti, Francisco Ferrari"]
[Result "0-1"]
[WhiteElo "1616"]
[BlackElo "1954"]
[PlyCount "52"]
[EventDate "2023.05.26"]
[EventType "swiss"]
[EventRounds "5"]
[EventCountry "BRA"]
[SourceTitle "CBM 214 Extra"]
[Source "ChessBase"]
[SourceDate "2023.07.31"]
[SourceVersion "1"]
[SourceVersionDate "2023.07.31"]
[SourceQuality "1"]

1. e4 c5 2. Nf3 d6 3. d4 cxd4 4. Nxd4 Nf6 5. Nc3 a6 6. f3 e5 7. Nb3 Be7 8. Be3 Be6 9. Qd2 h5 10. 0-0-0 Nbd7 11. Kb1 Rc8 12. Bg5 Qc7 13. Bd3 b5 14. h4 Nb6 15. Bxf6 Bxf6 16. Bxb5+ axb5 17. Nxb5 Qc6 18. Nxd6+ Ke7 19. Nxc8+ Rxc8 20. g3 Nc4 21. Qb4+ Ke8 22. Na5 Nxa5 23. Qxa5 Qxc2+ 24. Ka1 Be7 25. Qd2 Qa4 26. b4 Rc2 0-1

[Event "Taubate op 3rd"]
[Site "Taubate"]
[Date "2022.12.03"]
[Round "3"]
[White "Cunha, Jose Rodolfo Stutz"]
[Black "Ferreira de Souza, Ricardo"]
[Result "1-0"]
[WhiteElo "1677"]
[BlackElo "1382"]
[PlyCount "120"]
[EventDate "2022.12.01"]
[EventType "swiss"]
[EventRounds "6"]
[EventCountry "BRA"]
[SourceTitle "CBM 211 Extra"]
[Source "ChessBase"]
[SourceDate "2023.01.31"]
[SourceVersion "1"]
[SourceVersionDate "2023.01.31"]
[SourceQuality "1"]

1. e4 c5 2. Nf3 Nc6 3. d4 cxd4 4. Nxd4 Nf6 5. Nc3 e5 6. Ndb5 d6 7. Bg5 a6 8. Na3 b5 9. Nd5 Be7 10. Bxf6 Bxf6 11. c3 Bb7 12. Nc2 Ne7 13. Nxf6+ gxf6 14. Bd3 h5 15. Qd2 Ng6 16. 0-0-0 Rc8 17. Kb1 Nf4 18. f3 d5 19. Qf2 Qa5 20. Rhe1 Rc7 21. Nb4 d4 22. Qd2 0-0 23. g3 dxc3 24. bxc3 Ne6 25. Nd5 Bxd5 26. exd5 Ng7 27. Re3 Rfc8 28. Kb2 Rxc3 29. Bh7+ Kxh7 30. Rxc3 Qb4+ 31. Kc2 Rc4 32. Rxc4 Qxc4+ 33. Kb1 f5 34. Rc1 Qa4 35. h3 e4 36. fxe4 Qxe4+ 37. Rc2 Qh1+ 38. Kb2 Qxh3 39. d6 Ne6 40. Qh2 Qg4 41. Qh4 Qg7+ 42. Kb1 Kh6 43. d7 f6 44. Rd2 Nd8 45. Qf4+ Kg6 46. Rd5 Kf7 47. Rxf5 Qg6 48. Qe4 Ne6 49. Kb2 Qxg3 50. Qd5 Qh2+ 51. Ka3 Qg3+ 52. Rf3 Qc7 53. Qxh5+ Ke7 54. Qh7+ Kd6 55. Rd3+ Ke5 56. Qh2+ Nf4 57. d8Q Qc1+ 58. Qb2+ Qxb2+ 59. Kxb2 Nxd3+ 60. Qxd3 f5 1-0